Papeles de América en el Archivo Ducal de Alba / catalogados por Leoncio López-Ocón y Paloma Calle ; bajo la dirección de Francisco de Solano
Descripción Física:
196 p. ; 28 cm
MARC
| LEADER | 00000nam a2200000Ia 4500 | ||
|---|---|---|---|
| 001 | 16826 | ||
| 008 | 160829s1991 xx 000 0 cat d | ||
| 080 | |a A-2-227 | ||
| 100 | |a López-Ocón Cabrera, Leoncio |9 34076 | ||
| 245 | |a Papeles de América en el Archivo Ducal de Alba / catalogados por Leoncio López-Ocón y Paloma Calle ; bajo la dirección de Francisco de Solano | ||
| 260 | |a Madrid : |b Cultura Hispánica, |c 1991 | ||
| 300 | |a 196 p. ; |c 28 cm | ||
| 590 | |a Índex Analític | ||
| 650 | |a Palacio de Liria (Madrid) |x Arxius |x Catàlegs |9 34077 | ||
| 650 | |a Amèrica Llatina |x Història |x Fonts |x Bibliografia |x Catàlegs |9 34078 | ||
| 700 | |a Calle, Paloma |9 34079 | ||
| 700 | |a Solano, Francisco de, dir. |9 34080 | ||
| 901 | |a Arxiu | ||
| 942 | |n 1 | ||
| 952 | |0 0 |1 0 |4 0 |6 A2227 |7 1 |9 46378 |a Arxiu |b Arxiu |d 2016-12-01 |l 0 |o A-2-227 |p 16826 |r 2016-12-01 00:00:00 |w 2016-12-01 |y ARXIU | ||
| 999 | |c 50163 |d 50163 | ||